Das Germanische und die Rekonstruktion der indogermanischen Grundsprache : Akten des Freiburger Kolloquiums der Indogermanischen Gesellschaft, Freiburg, 26-27 Februar 1981 /

Bibliographic Details
Corporate Author: Indogermanische Gesellschaft
Other Authors: Untermann, Jürgen, Brogyanyi, Bela
Format: Book
Language:German
Published: Amsterdam ; Philadelphia : J. Benjamins, 1984.
Series:Amsterdam studies in the theory and history of linguistic science. Current issues in linguistic theory ; v. 22.
Subjects:

MARC

Tag First Indicator Second Indicator Subfields
LEADER 00000pam a2200000 a 4500
001 in00000762165
005 20151017051501.0
008 840426s1984 ne b 10100 ger
010 |a  84009362  
020 |a 9027235155 :  |c $28.00 (U.S.) 
035 |a (OCoLC)10751991 
035 |9 ADK6504AM 
039 0 |a 2  |b 3  |c 3  |d 3  |e 3 
040 |a DLC  |c DLC  |d TXA  |d UtOrBLW 
049 |a TXAM  |c [A08329926] 
050 0 0 |a PD74  |b .G4 1984 
082 0 |a 430  |2 19 
245 0 4 |a Das Germanische und die Rekonstruktion der indogermanischen Grundsprache :  |b Akten des Freiburger Kolloquiums der Indogermanischen Gesellschaft, Freiburg, 26-27 Februar 1981 /  |c herausgegeben von Jurgen Untermann & Bela Brogyanyi. 
264 1 |a Amsterdam ;  |a Philadelphia :  |b J. Benjamins,  |c 1984. 
300 |a xvii, 237 pages ;  |c 23 cm. 
336 |a text  |b txt  |2 rdacontent 
337 |a unmediated  |b n  |2 rdamedia 
338 |a volume  |b nc  |2 rdacarrier 
490 1 |a Amsterdam studies in the theory and history of linguistic science. Series IV, Current issues in linguistic theory,  |x 0304-0763 ;  |v v. 22 
500 |a Spine title: Das Germanische und die indogermanische Grundsprache. 
500 |a Contains 6 of the 8 conference papers given. 
504 |a Includes bibliographies and index. 
505 0 |a Die indogermanische Gesellschaft und Freiburg / Bela Brogyanyi -- Die urgermanischen Aoristprasentien und ihre indogermanischen Grundlagen / Alfred Bammesberger -- Reste der athematischen Konjugation in den germanischen Sprachen / Rosemarie Luhr -- Bemerkungen zum indogermanischen Wortschatz des Germanischen / Wolfgang Meid -- Keltisch und Germanisch / Karl Horst Schmidt -- Der postponierte Artikel in den nordgermanischen Sprachen / Elmar Seebold -- Morphologische Entwicklungen in den germanischen Sprachen / Otmar Werner. 
650 0 |a Germanic languages  |x Congresses. 
650 0 |a Proto-Germanic language  |x Congresses. 
650 0 |a Indo-European languages  |v Congresses. 
700 1 |a Untermann, Jürgen. 
700 1 |a Brogyanyi, Bela. 
710 2 |a Indogermanische Gesellschaft. 
740 0 |a Germanischen und die indogermanische Grundsprache. 
830 0 |a Amsterdam studies in the theory and history of linguistic science.  |n Series IV,  |p Current issues in linguistic theory ;  |v v. 22. 
999 |a MARS 
999 f f |s 7725a681-ce87-3c07-9c48-3a37fce28739  |i 0710fe5e-ea25-39b3-93e4-f56133a89e1b  |t 0 
952 f f |p ric  |a Texas A&M University  |b Rellis Campus  |c Joint Library Facility  |s JLF  |d Remote Storage  |t 0  |e PD74 .G4 1984  |h Library of Congress classification  |i unmediated -- volume  |m A14808329926 
998 f f |a PD74 .G4 1984  |t 0  |l Remote Storage